Państwa śródlądowe - Statystyki

Ogólne statystyki
  • Ten quiz został rozwiązany 77 razy
  • Średni wynik to 39 z 45
Statystyki odpowiedzi
Powierzchnia Państwo % Poprawnych
78,867 Czechy
97%
1,564,100 Mongolia
97%
1,098,581 Boliwia
96%
2,724,900 Kazachstan
96%
2586 Luksemburg
96%
49,035 Słowacja
96%
0.44 Watykan
96%
1,284,000 Czad
94%
41,284 Szwajcaria
94%
83,871 Austria
93%
160 Liechtenstein
93%
406,752 Paragwaj
93%
61 San Marino
93%
447,400 Uzbekistan
93%
468 Andora
91%
30,355 Lesotho
90%
1,240,192 Mali
90%
1,267,000 Niger
90%
88,361 Serbia
90%
93,028 Węgry
90%
647,500 Afganistan
88%
199,951 Kirgistan
88%
147,181 Nepal
88%
619,745 Sudan Południowy
88%
38,394 Bhutan
87%
207,600 Białoruś
87%
488,100 Turkmenistan
87%
33,846 Mołdawia
85%
143,100 Tadżykistan
85%
17,364 Eswatini
84%
10,908 Kosowo
84%
236,800 Laos
84%
26,338 Rwanda
82%
752,612 Zambia
82%
25,713 Macedonia Północna
81%
622,984 Republika Środkowoafrykańska
81%
1,104,300 Etiopia
79%
29,743 Armenia
76%
582,000 Botswana
76%
390,757 Zimbabwe
76%
274,222 Burkina Faso
75%
118,484 Malawi
73%
241,038 Uganda
73%
27,834 Burundi
72%
86,600 Azerbejdżan
63%
Nie znaleziono quizów pasujących do podanych kryteriów
Rozkład punktacji
Procent ludzi z każdym wynikiem
Percentyl według liczby udzielonych odpowiedzi
Twoja historia wyników
Nie rozwiązałeś tego quizu